000 01113nam a22002417a 4500
005 20080905121451.0
008 080905t xxu||||| |||| 00| 0 hin d
010 _aHIN-92860
020 _c175.00
_a9788189573171
035 _aHN-65206
037 _bDBAD / PUB
040 _aDPL
_bHN
082 _a613.25
100 _aशर्मा, एस.के.
_928442
245 _aमोटापाःकारण और बचाव /
_cएस.के. शर्मा
246 _aMotapa: karan aur bachav
_bby S.K. Sharma
260 _aदिल्ली
_bचिल्ड्रन बुक टैंपल
_c2010
270 _aसी-55, गणेश नगर, पांडव नगर कॉम्प्लैक्स
_bदिल्ली
_e110092
300 _a132पृ
_c22सेमी (सजिल्द)
_bसचित्र
650 _928443
942 _adpl
_cHN
_2ddc
_mशर्माए
_h613.25
999 _c52749
_d52749